Normal view
MARC view
- تحقيق جعفر القزاز، عبد الجبار؛ تقديم ابراهيم الوائلي
Entry Personal Name
001 - CONTROL NUMBER
- control field: 41993
003 - CONTROL NUMBER IDENTIFIER
- control field: JO-AjAnu
005 - DATE AND TIME OF LATEST TRANSACTION
- control field: 20230606080954.0
008 - FIXED-LENGTH DATA ELEMENTS
- fixed length control field: 230606|| aca||aabn | a|a d
040 ## - CATALOGING SOURCE
- Original cataloging agency: JO-AjAnu
- Transcribing agency: JO-AjAnu
100 ## - HEADING--PERSONAL NAME
- Personal name: تحقيق جعفر القزاز، عبد الجبار؛ تقديم ابراهيم الوائلي
670 ## - SOURCE DATA FOUND
- Source citation: Work cat.: (JO-AjAnu)21516: تحقيق جعفر القزاز، عبد الجبار؛ تقديم ابراهيم الوائلي, author, شرح الفصيح في اللغة لأبي منصور ابن الجبّان